| 000 | 00499nam a22001817a 4500 | ||
|---|---|---|---|
| 005 | 20260319090441.0 | ||
| 008 | 260319s1990 |ck |||gr|||| 000 f spa d | ||
| 020 | _a958-04-1233-2 | ||
| 040 | _aEC-QuCCB | ||
| 082 |
_aCo863 _bM9928 |
||
| 100 | 1 |
_aMutis Jaramillo, Álvaro, _d1923-2013 _99882 |
|
| 245 | 1 | 0 |
_aAmirbar _cAlvaro Mutis |
| 260 |
_aBogotá, Colombia : _bGrupo Editorial Norma, _c1990 |
||
| 300 |
_a147 páginas ; _c21 cm |
||
| 590 | _ajcc | ||
| 650 | 4 | _aNovela colombiana | |
| 942 | _cBK | ||
| 999 |
_c83672 _d83672 |
||